000 00584nam a2200193 a 4500
005 20140310183528.0
008 111111s19uu xx 00 eng d
020 _a9780415372558
050 _aRJ 506.A58
_b.St73 2009
100 _aStallard, Paul
245 _aAnxiety :
_bcognitive behavior therapy with children and young people /
_cPaul Stallard.
260 _aNew York :
_bRoutledge,
_c2009.
300 _a209 p. :
_bill. ;
_c25 cm.
521 _aPSYCH
650 _aAnxiety in children
650 _aCognitive therapy for children
942 _cBK
_2lcc
_kFOR
999 _c24547
_d24547